000 00335 a2200133 4500
000 nam a22 7a 4500
100 _aPatel, Rajnikant P.
110 _aPatel, Rajnikant P.
245 _aSports Coaching
250 _aLatest edition
260 _bKhel Sahitya Kendra
_c2025
264 _bKhel Sahitya Kendra
_c2025
942 _cBK
999 _c394176
_d394176